| 000 | 00415nam a22001457a 4500 | ||
|---|---|---|---|
| 999 |
_c7735 _d7735 |
||
| 003 | GBCCL | ||
| 005 | 20241126110635.0 | ||
| 008 | 180914b ||||| |||| 00| 0 eng d | ||
| 040 | _cgbc | ||
| 082 |
_aSOU KHR _b1996 |
||
| 245 |
_aKhristian tuailai pawl EBCC Mualnuam : _bsilver jubilee souvenir 1971-1996/ _cSuanthang Guite, editor |
||
| 260 |
_c1996. _aMualnuam, _bKTP, EBCC |
||
| 300 | _a68pages | ||
| 942 |
_2ddc _cARCH |
||